Guía ambiental del sector apícola (Registro nro. 6154)

Detalles MARC
000 -CABECERA
Campo de control 01795nam a2200253 a 4500
090 ## - CLASIFICACIÓN LOCAL
Colección IAVH
Consecutivo 00652
041 ## - IDIOMA
Código de idioma para texto/pista de sonido o título separado Español
100 ## - ASIENTO PRINCIPAL--NOMBRE PERSONAL
Nombre personal Silva Garnica, Silva
245 ## - MENCION DE TITULO
Título Guía ambiental del sector apícola
260 ## - PUBLICACION, DISTRIBUCION, ETC. (PIE DE IMPRENTA)
Lugar de publicación, distribución, etc. Bogotá
Nombre del editor, distribuidor, etc. Instituto Alexander von Humboldt
Fecha de publicación, distribución, etc. 2005
300 ## - DESCRIPCION FISICA
Extensión 91 p.
520 ## - NOTA DE RESUMEN, ETC.
Nota de resumen El primer capítulo incluye algunas generalidades de la apicultura en Colombia: características de las abejas Apis mellifera; comportamiento de las abejas Apis mellifera; antecedentes de la apicultura en Colombia; desarrollo de la actividad apícola en Colombia. El segundo capítulo expone el marco legal de la apicultura: marco legal general; Constitución Política de Colombia; Leyes, Decretos y Resoluciones de índole ambiental; marco legal específico .El tercer capítulo analiza la planeación y gestión ambiental en apicultura: comunicación, divulgación y promoción.El cuarto, describe el proceso productivo apícola: fase de producción o campo, beneficio de los productos apícolas (miel, polen, propoleo). El quinto capítulo analiza el manejo ambiental en apicultura en el proceso productivo agrícola y el beneficio de los productos apícolas. El sexto capítulo muestra los resultados del monitoreo, seguimiento y evaluación del proceso productivo apícola. El último capítulo analiza la conservación de la biodiversidad en apicultura
650 ## - ASIENTO SECUNDARIO DE MATERIA - TERMINO TEMATICO
Término temático o nombre geográfico como elemento de entrada Biodiversidad
650 ## - ASIENTO SECUNDARIO DE MATERIA - TERMINO TEMATICO
Término temático o nombre geográfico como elemento de entrada Conservación
650 ## - ASIENTO SECUNDARIO DE MATERIA - TERMINO TEMATICO
Término temático o nombre geográfico como elemento de entrada Apicultura
650 ## - ASIENTO SECUNDARIO DE MATERIA - TERMINO TEMATICO
Término temático o nombre geográfico como elemento de entrada Legislación ambiental
650 ## - ASIENTO SECUNDARIO DE MATERIA - TERMINO TEMATICO
Término temático o nombre geográfico como elemento de entrada Etología
650 ## - ASIENTO SECUNDARIO DE MATERIA - TERMINO TEMATICO
Término temático o nombre geográfico como elemento de entrada Caracterización biológica
650 ## - ASIENTO SECUNDARIO DE MATERIA - TERMINO TEMATICO
Término temático o nombre geográfico como elemento de entrada Beneficio de productos apícolas
650 ## - ASIENTO SECUNDARIO DE MATERIA - TERMINO TEMATICO
Término temático o nombre geográfico como elemento de entrada Constitución Política Colombiana
650 ## - ASIENTO SECUNDARIO DE MATERIA - TERMINO TEMATICO
Término temático o nombre geográfico como elemento de entrada Miel
650 ## - ASIENTO SECUNDARIO DE MATERIA - TERMINO TEMATICO
Término temático o nombre geográfico como elemento de entrada Polen
650 ## - ASIENTO SECUNDARIO DE MATERIA - TERMINO TEMATICO
Término temático o nombre geográfico como elemento de entrada Propoleo

No hay ítems disponibles.